000 00551nam a22001817a 4500
005 20231124114551.0
010 _aENG-137885
020 _a9789395255269
_c450.00
035 _aEN-121417
037 _bDBAD/PUB
082 _a589.4
100 _aRenu Singh
_959053
245 _aPrimary Productivity of Phytoplankton/
_cby Renu Singh
260 _aNew Delhi
_bAyushman Publication House
_c2021
270 _a352E/4A Munirka, Near J.N.U. Main Gate
_bNew Delhi
_e110067
300 _a128p.
_c23cm(hb)
942 _2ddc
_cEN
_mREN
_h589.4
999 _c197591
_d197591